| 000 | 00463pab a2200181 454500 | ||
|---|---|---|---|
| 008 | 180718b2013 xxu||||| |||| 00| 0 eng d | ||
| 100 | _aMishra, Prem Anand | ||
| 245 | _aPolitical theory of anarchism in Gandhi's writing | ||
| 260 | _c2013 | ||
| 300 | _ap.453-462. | ||
| 362 | _aJul-Sep | ||
| 650 | _aPolitical theory | ||
| 650 | _aGandhi, M.K. | ||
| 650 | _aAnarchism | ||
| 773 | _aIndian Journal of Political Science | ||
| 908 | _aN | ||
| 909 | _a105967 | ||
| 999 |
_c105962 _d105962 |
||